[Event "Polanica Zdroj op-C 58th"]
[Site "Polanica Zdroj"]
[Date "2022.08.18"]
[Round "6"]
[White "Twarogiel, Tadeusz"]
[Black "Kawula, Andrzej"]
[Result "0-1"]
[WhiteElo "1767"]
[BlackElo "1870"]
[PlyCount "49"]
[EventDate "2022.08.13"]
[EventType "swiss"]
[EventRounds "9"]
[EventCountry "POL"]
[SourceTitle "CBM 210 Extra"]
[Source "ChessBase"]
[SourceDate "2022.11.30"]
[SourceVersion "1"]
[SourceVersionDate "2022.11.30"]
[SourceQuality "1"]

1. d4 d5 2. Nf3 e6 3. c3 c5 4. e3 f5 5. g3 Nf6 6. Bg2 Nc6 7. Nbd2 Be7 8. Ne5 Nxe5 9. dxe5 Ng4 10. Nf3 Qc7 11. Qa4+ Bd7 12. Qf4 h6 13. h4 0-0-0 14. Bh3 g5 15. hxg5 hxg5 16. Nxg5 Nxe5 17. Kd1 Bxg5 18. Qxg5 Rdg8 19. Qe7 Ng4 20. Ke1 Nxf2 21. Kxf2 Qxg3+ 22. Ke2 Bb5+ 23. Kd1 Rxh3 24. Rxh3 Qg4+ 25. Kd2 0-1

[Event "Rubinstein Memorial op-C 57th"]
[Site "Polanica Zdroj"]
[Date "2021.08.20"]
[Round "7"]
[White "Blasiak, Miroslaw"]
[Black "Twarogiel, Tadeusz"]
[Result "0-1"]
[WhiteElo "1612"]
[BlackElo "1883"]
[PlyCount "38"]
[EventDate "2021.08.14"]
[EventType "swiss"]
[EventRounds "9"]
[EventCountry "POL"]
[SourceTitle "EXT 2023"]
[Source "ChessBase"]
[SourceDate "2022.10.05"]
[SourceVersion "1"]
[SourceVersionDate "2022.10.05"]
[SourceQuality "1"]

1. e4 e6 2. d4 d5 3. Nc3 Bb4 4. e5 c5 5. a3 Bxc3+ 6. bxc3 Qc7 7. Qg4 f6 8. Nf3 g6 9. Bb5+ Nc6 10. exf6 Nxf6 11. Qh4 0-0 12. Bxc6 bxc6 13. 0-0 Ne4 14. Bh6 Rf5 15. Ne5 Ba6 16. Rfe1 Rh5 17. Qg4 Rxh6 18. Qxe6+ Kg7 19. Ng4 Bc8 0-1

[Event "Rubinstein Memorial op-C 57th"]
[Site "Polanica Zdroj"]
[Date "2021.08.16"]
[Round "3"]
[White "Wziatek, Marek"]
[Black "Twarogiel, Tadeusz"]
[Result "1/2-1/2"]
[WhiteElo "1647"]
[BlackElo "1883"]
[PlyCount "67"]
[EventDate "2021.08.14"]
[EventType "swiss"]
[EventRounds "9"]
[EventCountry "POL"]
[SourceTitle "EXT 2023"]
[Source "ChessBase"]
[SourceDate "2022.10.05"]
[SourceVersion "1"]
[SourceVersionDate "2022.10.05"]
[SourceQuality "1"]

1. c4 c6 2. d4 d5 3. e3 Nf6 4. Nf3 Bg4 5. h3 Bxf3 6. Qxf3 e6 7. Bd3 Nbd7 8. 0-0 Bd6 9. Nc3 Qe7 10. cxd5 exd5 11. Re1 0-0 12. e4 dxe4 13. Nxe4 Nxe4 14. Rxe4 Qd8 15. Bd2 Re8 16. Rxe8+ Qxe8 17. Re1 Qd8 18. Qf5 g6 19. Qf3 Bf8 20. Re4 Nb6 21. h4 f5 22. Re6 Qxh4 23. Bxf5 gxf5 24. Qxf5 Bg7 25. Bg5 Qxd4 26. Re7 Rf8 27. Qe6+ Kh8 28. Be3 Qd1+ 29. Kh2 Nd5 30. Rxg7 Qh5+ 31. Kg1 Nxe3 32. Rg8+ Rxg8 33. Qf6+ Rg7 34. Qf8+ 1/2-1/2

[Event "Rubinstein Memorial-B 54th"]
[Site "Polanica Zdroj"]
[Date "2018.08.21"]
[Round "4"]
[White "Rychlik, Bogdan"]
[Black "Twarogiel, Tadeusz"]
[Result "1/2-1/2"]
[WhiteElo "1641"]
[BlackElo "1955"]
[PlyCount "126"]
[EventDate "2018.08.18"]
[EventType "swiss"]
[EventRounds "9"]
[EventCountry "POL"]
[SourceTitle "EXT 2020"]
[Source "ChessBase"]
[SourceDate "2019.10.17"]
[SourceVersion "1"]
[SourceVersionDate "2019.10.17"]
[SourceQuality "1"]

1. e4 e6 2. d4 d5 3. Nd2 Nf6 4. e5 Nfd7 5. Bd3 c5 6. c3 Nc6 7. Ne2 cxd4 8. cxd4 f6 9. exf6 Nxf6 10. 0-0 Bd6 11. Nf3 0-0 12. Nc3 a6 13. a3 e5 14. dxe5 Nxe5 15. Be2 Bd7 16. Nxd5 Bc6 17. Nf4 Qe7 18. Nd4 Be4 19. f3 Bg6 20. Nxg6 hxg6 21. f4 Nf7 22. Kh1 Bc5 23. Nf3 Ng4 24. Ng5 Nxg5 25. Bxg4 Ne4 26. Be3 Nf6 27. Bxc5 Qxc5 28. Bf3 Rab8 29. Qb3+ Kh7 30. Rac1 Qd6 31. g3 Rfd8 32. Rfd1 Qe7 33. Re1 Qd7 34. Qe6 Qxe6 35. Rxe6 Rd3 36. Kg2 Rd2+ 37. Re2 Rbd8 38. Rc2 Rxe2+ 39. Rxe2 b6 40. g4 Rd4 41. g5 Nd5 42. Bxd5 Rxd5 43. Kg3 Rd3+ 44. Kg4 a5 45. h4 b5 46. h5 gxh5+ 47. Kxh5 g6+ 48. Kg4 Kg7 49. Rc2 a4 50. Rc3 Rd2 51. b3 axb3 52. Rxb3 Rd5 53. Re3 Rd4 54. Rb3 Ra4 55. Rxb5 Rxa3 56. Rb7+ Kg8 57. Rb5 Kg7 58. Rb6 Rc3 59. Rf6 Ra3 60. f5 Ra4+ 61. Kg3 gxf5 62. Rxf5 Kg6 63. Rc5 Rb4 1/2-1/2

[Event "Miedzyzdroje OB Seniors 23rd"]
[Site "Miedzyzdroje"]
[Date "2015.06.21"]
[Round "4"]
[White "Baumbach, Friedrich"]
[Black "Twarogiel, Tadeusz"]
[Result "1-0"]
[WhiteElo "2213"]
[BlackElo "1997"]
[PlyCount "87"]
[EventDate "2015.06.17"]
[EventType "swiss"]
[EventRounds "8"]
[EventCountry "POL"]
[SourceTitle "EXT 2018"]
[Source "ChessBase"]
[SourceDate "2017.10.13"]
[SourceVersion "1"]
[SourceVersionDate "2017.10.13"]
[SourceQuality "1"]

1. d4 d5 2. c4 e6 3. Nc3 Nf6 4. cxd5 exd5 5. Bg5 c6 6. e3 Bd6 7. Qc2 Bg4 8. Bd3 Nbd7 9. f3 Bh5 10. Nge2 Bg6 11. e4 dxe4 12. fxe4 Be7 13. 0-0 0-0 14. Rad1 Ng4 15. Bf4 Bg5 16. Qd2 Bxf4 17. Qxf4 Ngf6 18. e5 Ne8 19. Ne4 Nc7 20. Nd6 Ne6 21. Qg4 Bxd3 22. Rxd3 Qb6 23. Rb3 Qa6 24. Nxf7 Rae8 25. Nd6 Rxf1+ 26. Kxf1 h5 27. Qxh5 Rf8+ 28. Rf3 Nf4 29. Rxf4 Rxf4+ 30. Kg1 Qa5 31. h3 Qe1+ 32. Kh2 Rf1 33. Ng3 Rf2 34. Nde4 Rf8 35. Ng5 Qb1 36. N3e4 Rf1 37. Qh7+ Kf8 38. Qh8+ Ke7 39. Qxg7+ Kd8 40. Ng3 Rf2 41. N5e4 Qxb2 42. Nxf2 Qxf2 43. e6 Qf6 44. Qxd7# 1-0

[Event "Miedzyzdroje OB Seniors 23rd"]
[Site "Miedzyzdroje"]
[Date "2015.06.19"]
[Round "3"]
[White "Twarogiel, Tadeusz"]
[Black "Peter, Volkhard"]
[Result "1-0"]
[WhiteElo "1997"]
[BlackElo "1752"]
[PlyCount "83"]
[EventDate "2015.06.17"]
[EventType "swiss"]
[EventRounds "8"]
[EventCountry "POL"]
[SourceTitle "EXT 2018"]
[Source "ChessBase"]
[SourceDate "2017.10.13"]
[SourceVersion "1"]
[SourceVersionDate "2017.10.13"]
[SourceQuality "1"]

1. d4 Nf6 2. Nf3 c5 3. e3 e6 4. Bd3 Nc6 5. c3 d5 6. Nbd2 c4 7. Bc2 Bd6 8. Qe2 b5 9. e4 Be7 10. e5 Nd7 11. Nf1 0-0 12. Ng3 f5 13. exf6 Nxf6 14. Bg5 h6 15. Bd2 Bd6 16. 0-0 Qc7 17. Rfe1 Bd7 18. Ne5 Bxe5 19. dxe5 Nh7 20. f4 d4 21. Be4 d3 22. Qg4 Rf7 23. Be3 Rd8 24. Qh5 Nf8 25. Nf1 Ne7 26. Nd2 Nf5 27. Bf2 Be8 28. Qf3 Ng6 29. Rad1 Nfh4 30. Bxh4 Nxh4 31. Qf2 Nf5 32. Nf3 Bc6 33. Bxf5 exf5 34. Nd4 Qb6 35. e6 Rf6 36. Re5 g6 37. Qh4 Kg7 38. Qf2 Be4 39. a3 a6 40. Nxf5+ Rxf5 41. Qxb6 Rxe5 42. Qc7+ 1-0